[Event "San Francisco TNM Fall op"]
[Site "San Francisco"]
[Date "2017.11.14"]
[Round "4"]
[White "Cheng, Alfonso"]
[Black "Diaz, Conrado"]
[Result "0-1"]
[WhiteElo "1893"]
[BlackElo "2261"]
[PlyCount "80"]
[EventDate "2017.10.24"]
[EventType "swiss"]
[EventRounds "9"]
[EventCountry "USA"]
[SourceTitle "EXT 2023"]
[Source "ChessBase"]
[SourceDate "2022.10.05"]
[SourceVersion "1"]
[SourceVersionDate "2022.10.05"]
[SourceQuality "1"]

1. e4 d5 2. exd5 Qxd5 3. Nc3 Qa5 4. d4 c6 5. Nf3 Nf6 6. a3 Bf5 7. Bd3 Bxd3 8. Qxd3 e6 9. 0-0 Nbd7 10. Bf4 Nd5 11. Nxd5 cxd5 12. Rfe1 Be7 13. Ng5 Bxg5 14. Bxg5 Qc7 15. Re3 Rc8 16. c3 Qc4 17. Qf5 0-0 18. Qg4 f5 19. Qh4 Rfe8 20. Rae1 Nf8 21. Rg3 Rc7 22. Bf4 Rf7 23. Rh3 Qc6 24. Be5 Qb6 25. b4 Ree7 26. a4 Rd7 27. g4 fxg4 28. Qxg4 Rf5 29. Rg3 Ng6 30. Rge3 Rdf7 31. Bg3 R7f6 32. h4 h5 33. Qe2 Nf8 34. Re5 Qc6 35. Qd3 Qxa4 36. Rxf5 exf5 37. Re7 f4 38. Bh2 Qa1+ 39. Kg2 f3+ 40. Kh3 Qh1 0-1

[Event "San Francisco TNM Fall op"]
[Site "San Francisco"]
[Date "2017.10.24"]
[Round "1"]
[White "Cheng, Alfonso"]
[Black "Brown, Nicholas"]
[Result "1-0"]
[WhiteElo "1893"]
[BlackElo "1496"]
[PlyCount "55"]
[EventDate "2017.10.24"]
[EventType "swiss"]
[EventRounds "9"]
[EventCountry "USA"]
[SourceTitle "EXT 2023"]
[Source "ChessBase"]
[SourceDate "2022.10.05"]
[SourceVersion "1"]
[SourceVersionDate "2022.10.05"]
[SourceQuality "1"]

1. e4 c6 2. d4 d5 3. exd5 cxd5 4. c4 Nc6 5. Nf3 Nf6 6. Nc3 dxc4 7. Bxc4 e6 8. d5 Nb4 9. Bg5 Be7 10. Bxf6 Bxf6 11. Qa4+ Nc6 12. dxc6 0-0 13. 0-0 Qb6 14. Ne4 Be7 15. Rfd1 bxc6 16. Ne5 Bb7 17. Nd7 Qc7 18. Nxf8 Rxf8 19. Rd3 c5 20. Qd7 Bd8 21. Qxc7 Bxc7 22. Nxc5 Bc6 23. Rc1 Bb6 24. Nxe6 fxe6 25. Bxe6+ Kh8 26. Rxc6 Bxf2+ 27. Kh1 Bc5 28. Rc8 1-0

[Event "San Francisco TNM Spring op"]
[Site "San Francisco"]
[Date "2017.05.02"]
[Round "8"]
[White "Cheng, Alfonso"]
[Black "Sherwood, Peter"]
[Result "1-0"]
[WhiteElo "1913"]
[BlackElo "1703"]
[PlyCount "61"]
[EventDate "2017.03.14"]
[EventType "swiss"]
[EventRounds "8"]
[EventCountry "USA"]
[SourceTitle "EXT 2023"]
[Source "ChessBase"]
[SourceDate "2022.10.05"]
[SourceVersion "1"]
[SourceVersionDate "2022.10.05"]
[SourceQuality "1"]

1. Nf3 Nf6 2. d4 d5 3. c4 c6 4. Nc3 e6 5. Bg5 Be7 6. e3 0-0 7. Bd3 dxc4 8. Bxc4 Nbd7 9. Qd2 Nb6 10. Bd3 Nbd5 11. e4 Nb6 12. Qf4 Re8 13. Rd1 Nbd7 14. h4 Nh5 15. Qh2 Nf8 16. g4 Nf6 17. Qf4 Qb6 18. Rd2 Bd7 19. h5 h6 20. Bxf6 Bxf6 21. e5 Bg5 22. Nxg5 hxg5 23. Qxg5 c5 24. h6 Ng6 25. hxg7 Qd8 26. Rh8+ Nxh8 27. gxh8Q+ Kxh8 28. Qh6+ Kg8 29. Bh7+ Kh8 30. Bg6+ Kg8 31. Qh7+ 1-0